Výsledky hospodárenia verejného sektora Slovenskej republiky v roku 2001
Pokračovanie reformy riadenia verejných financií v roku 2001. Hospodárenie centrálnej vlády - štátny rozpočet. Hospodárenie verejnoprávnych inštitúcií. Štátne fondy a Fond národného majetku. Hospodárenie miest a obcí. Konsolidovaný výsledok verejných financií. Vzťah NBS a štátneho rozpočtu SR.
Salvato in:
| Autore principale: | |
|---|---|
| Natura: | Capitolo di libro |
| Lingua: | slovacco |
| Soggetti: | |
| Tags: |
Nessun Tag, puoi essere il primo ad aggiungerne!!
|
MARC
| LEADER | 00000naa a2200000 4500 | ||
|---|---|---|---|
| 001 | r045782 | ||
| 005 | 20220729104004.3 | ||
| 041 | 0 | |a slo | |
| 044 | |a SK | ||
| 245 | 1 | 0 | |a Výsledky hospodárenia verejného sektora Slovenskej republiky v roku 2001 |c Ján Sahaj |
| 520 | |a Pokračovanie reformy riadenia verejných financií v roku 2001. Hospodárenie centrálnej vlády - štátny rozpočet. Hospodárenie verejnoprávnych inštitúcií. Štátne fondy a Fond národného majetku. Hospodárenie miest a obcí. Konsolidovaný výsledok verejných financií. Vzťah NBS a štátneho rozpočtu SR. | ||
| 610 | 2 | 0 | |a sektor verejný |
| 610 | 2 | 0 | |a výdavky verejné |
| 610 | 2 | 0 | |a rozpočet štátny |
| 610 | 2 | 0 | |a rozpočet miestny |
| 610 | 2 | 0 | |a inštitúcie verejnoprávne |
| 610 | 2 | 0 | |a financie verejné |
| 610 | 2 | 0 | |a Slovensko |
| 610 | 2 | 0 | |a 2001 |
| 100 | 1 | |a Sahaj, Ján | |